Durée de travail et chômage (Record no. 58468)

MARC details
000 -LEADER
campo de control de longitud fija 00597nam a2200181 i 4500
001 - NÚMERO DE CONTROL
campo de control 58468
003 - IDENTIFICADOR DE NÚMERO DE CONTROL
campo de control ES-MaACL
005 - FECHA Y HORA DE LA ÚLTIMA TRANSACCIÓN
campo de control 20250826083348.0
007 - CAMPO FIJO DE DESCRIPCIÓN FÍSICA--INFORMACIÓN GENERAL
campo de control de longitud fija t|
008 - DATOS DE LONGITUD FIJA--INFORMACIÓN GENERAL
campo de control de longitud fija 031022s1933 fr ||||1| fre d
245 00 - MENCIÓN DEL TÍTULO
Título Durée de travail et chômage
Resto del título : rapport de la conférence préparatoire (10-25 janvier 1933).
260 ## - PUBLICACIÓN, DISTRIBUCIÓN, ETC.
Lugar de publicación, distribución, etc. Genève :
Nombre del editor, distribuidor, etc. Bureau international du travail,
Fecha de publicación, distribución, etc. 1933.
300 ## - DESCRIPCIÓN FÍSICA
Extensión 31 p, 215 p. ;
Dimensiones 24 cm.
500 ## - NOTA GENERAL
Nota general Precede al tit.: Bureau Intrnational du travail.
710 1# - ENTRADA AGREGADA--NOMBRE DE ENTIDAD CORPORATIVA
Nombre de entidad corporativa o nombre de jurisdicción como elemento de entrada Oficina Internacional del Trabajo
9 (RLIN) 6023
852 ## - LOCALIZACIÓN
Ubicación ES-MaACL
Número de control de estantería A-1490
Holdings
Estatus retirado Estado de pérdida Estado de daño No para préstamo Biblioteca de origen Biblioteca actual Ubicación en estantería Fecha de adquisición Fuente de adquisición Total de préstamos Signatura topográfica completa Código de barras Visto por última vez Precio de reemplazo Tipo de ítem Koha
        Biblioteca del Ateneo de Madrid Biblioteca del Ateneo de Madrid Sala Pecera Planta 1 17/01/2008     A-1490 1061349 23/02/2023 23/02/2023 Libro impreso